| 000 | 00463nam a2200145Ia 4500 | ||
|---|---|---|---|
| 008 | 240719s9999 xx 000 0 und d | ||
| 041 | _aeng | ||
| 082 | _a371.3028 GRE | ||
| 100 | _aGreen W. Gordon | ||
| 245 | _aMaking Your Education Work For You A Proven System For Success In School And For Getting The Job Of Your Dreams | ||
| 260 |
_aNew York _bForge _c2010 |
||
| 300 | _a302.; P. 20 Cm | ||
| 365 | _b15 | ||
| 520 | _a Gifted By : IMT Faculty Dr. senthi kumar | ||
| 999 |
_c41198 _d41198 |
||